000 01279nam2a22002531 4500
001 rc\142879
005 20250612172053.0
010 _a5-244-00788-2
_910000
035 _a(NLR Aleph) 008749565
090 _a9563341
_c9563341
100 _a20030307d1995 |||y0rusy50 ca
101 0 _arus
102 _aRU
105 _aa |||||||||
200 1 _aНогинский район. г. Электросталь, ч 1
_eНогинский район
210 _d1995
_aБ. м.
215 _a434, [3] с.
_cил.
320 _aБиблиогр.: с. 436
461 0 _1001rc\142858
_12001#$aКнига Памяти погибших и пропавших без вести в Великой Отечественной войне 1941-1945 годов$fПравительство Москвы$g[Редкол.: Ю.М. Лужков (пред.) и др.]$vТ. 16
_97959559
_cМ.
_d1993-
_fПравительство Москвы
_nЦентр по изд. Книги Памяти Москвы
_tКнига Памяти погибших и пропавших без вести в Великой Отечественной войне 1941-1945 годов
_y5-900448-01-0
_vТ. 16
801 0 _aRU
_bNLR
_gpsbo
801 1 _aRU
_bELAR
_2rusmarc
852 _aNLR
_bС
_jК-4/626
942 _cBOOK
980 _aNB